[Event "Heusenstamm Schloss op"]
[Site "Heusenstamm"]
[Date "2023.11.26"]
[Round "6"]
[White "Kolker, Vladislav"]
[Black "Hofmann, Werner2"]
[Result "1-0"]
[WhiteElo "1874"]
[BlackElo "1669"]
[PlyCount "41"]
[EventDate "2023.11.23"]
[EventType "swiss"]
[EventRounds "7"]
[EventCountry "GER"]
[SourceTitle "CB48_2023"]
[SourceDate "2023.11.29"]
[SourceVersion "1"]
[SourceVersionDate "2023.11.29"]
[SourceQuality "1"]

1. e4 c6 2. Nf3 d5 3. exd5 cxd5 4. Ne5 Nf6 5. d4 a6 6. Bd3 e6 7. c3 Be7 8. 0-0 0-0 9. Nd2 b5 10. f4 g6 11. Qe2 Bb7 12. Ndf3 Nbd7 13. Ng5 Nxe5 14. fxe5 Ne8 15. Nxh7 Kxh7 16. Qh5+ Kg8 17. Bxg6 fxg6 18. Qxg6+ Ng7 19. Bh6 Rxf1+ 20. Rxf1 Bf8 21. Rf7 1-0

[Event "Heusenstamm Schloss op"]
[Site "Heusenstamm"]
[Date "2023.11.25"]
[Round "4"]
[White "Kolker, Vladislav"]
[Black "Moldenhauer, Lennart"]
[Result "0-1"]
[WhiteElo "1874"]
[BlackElo "1569"]
[PlyCount "56"]
[EventDate "2023.11.23"]
[EventType "swiss"]
[EventRounds "7"]
[EventCountry "GER"]
[SourceTitle "CB50_2023"]
[SourceDate "2023.12.13"]
[SourceVersion "1"]
[SourceVersionDate "2023.12.13"]
[SourceQuality "1"]

1. e4 c5 2. Nf3 d6 3. d4 cxd4 4. Nxd4 Nf6 5. Nc3 g6 6. f3 Nc6 7. Be3 h5 8. Qd2 Nxd4 9. Bxd4 Bh6 10. Be3 Bxe3 11. Qxe3 Be6 12. 0-0-0 Qa5 13. Kb1 Rc8 14. a3 a6 15. Be2 Kf8 16. h4 Kg7 17. Rdg1 Rc7 18. g4 Rhc8 19. gxh5 Rxc3 20. bxc3 Rxc3 21. Qc1 Rxa3 22. Qb2 Ba2+ 23. Kc1 Bc4 24. Bxc4 Ra1+ 25. Qxa1 Qxa1+ 26. Kd2 Qd4+ 27. Bd3 Nxh5 28. Rf1 Ng3 0-1

[Event "Marburg op-A"]
[Site "Marburg"]
[Date "2023.10.27"]
[Round "3"]
[White "Herrmann, Gerhard"]
[Black "Kolker, Vladislav"]
[Result "0-1"]
[WhiteElo "1479"]
[BlackElo "1892"]
[PlyCount "106"]
[EventDate "2023.10.26"]
[EventType "swiss"]
[EventRounds "7"]
[EventCountry "GER"]
[SourceTitle "CB49_2023"]
[SourceDate "2023.12.06"]
[SourceVersion "1"]
[SourceVersionDate "2023.12.06"]
[SourceQuality "1"]

1. e4 e5 2. d4 exd4 3. Qxd4 Nc6 4. Qe3 Nf6 5. Nc3 g6 6. Bd2 Bg7 7. 0-0-0 0-0 8. f4 Re8 9. Be1 Nxe4 10. Nxe4 Qe7 11. Bd3 d5 12. h4 dxe4 13. Be2 h5 14. Nh3 Bf5 15. Bc3 Bxc3 16. Qxc3 Qxh4 17. g3 Qe7 18. Ng5 f6 19. Bc4+ Kg7 20. Be2 Kh6 21. Nh3 Bxh3 22. Rxh3 f5 23. g4 fxg4 24. Bxg4 Rad8 25. Rdh1 Qg7 26. Qe3 Qd4 27. Qe2 e3 28. c3 Qd2+ 29. Kb1 Qxe2 30. Bxe2 Rd2 31. R3h2 Rf8 32. Rf1 Ne7 33. Rf3 Nf5 34. Kc1 Kg7 35. Rxe3 Rxb2 36. Kxb2 Nxe3 37. Rh3 Nd5 38. Bf3 Nxf4 39. Rg3 c6 40. Be4 Kh6 41. Kc2 g5 42. Kd2 g4 43. Ke3 Kg5 44. Bc2 h4 45. Rg1 Nd5+ 46. Kd4 g3 47. Re1 h3 48. Re5+ Kh4 49. c4 Rf4+ 50. Kc5 b6+ 51. Kd6 Rxc4 52. Bd1 g2 53. Rh5+ Kg3 0-1

[Event "Marburg op-A"]
[Site "Marburg"]
[Date "2023.10.27"]
[Round "2"]
[White "Kolker, Vladislav"]
[Black "Berstler, Tobias"]
[Result "1/2-1/2"]
[WhiteElo "1892"]
[BlackElo "1598"]
[PlyCount "65"]
[EventDate "2023.10.26"]
[EventType "swiss"]
[EventRounds "7"]
[EventCountry "GER"]
[SourceTitle "CB49_2023"]
[SourceDate "2023.12.06"]
[SourceVersion "1"]
[SourceVersionDate "2023.12.06"]
[SourceQuality "1"]

1. e4 c6 2. Nf3 d5 3. exd5 cxd5 4. Ne5 Nf6 5. d4 e6 6. Bd3 Nc6 7. c3 Bd6 8. f4 Qc7 9. 0-0 Bd7 10. Qe2 h5 11. Nd2 Rf8 12. Ndf3 0-0-0 13. Ng5 Be8 14. Bd2 Kb8 15. b4 Qb6 16. a4 Bxe5 17. fxe5 Nd7 18. a5 Qc7 19. Rfc1 Rc8 20. Qd1 Qd8 21. Qa4 Qe7 22. b5 Nd8 23. c4 dxc4 24. Rxc4 Rxc4 25. Qxc4 Ka8 26. Bb4 Qxg5 27. Bxf8 Nb8 28. Bd6 Ndc6 29. bxc6 Bxc6 30. Bf1 h4 31. h3 Qe3+ 32. Kh2 Qg3+ 33. Kg1 1/2-1/2

[Event "Rhein Main op-B 25th"]
[Site "Bad Homburg"]
[Date "2023.06.11"]
[Round "7"]
[White "Nahler, Michael"]
[Black "Kolker, Vladislav"]
[Result "0-1"]
[WhiteElo "1812"]
[BlackElo "1863"]
[PlyCount "94"]
[EventDate "2023.06.07"]
[EventType "swiss"]
[EventRounds "7"]
[EventCountry "GER"]
[SourceTitle "CBM 215 Extra"]
[Source "ChessBase"]
[SourceDate "2023.09.30"]
[SourceVersion "1"]
[SourceVersionDate "2023.09.30"]
[SourceQuality "1"]

1. e4 e5 2. Nf3 Nc6 3. Bb5 f5 4. Nc3 fxe4 5. Nxe4 Nf6 6. Qe2 Qe7 7. 0-0 d5 8. Nxf6+ gxf6 9. d4 e4 10. Nh4 Bg7 11. Qh5+ Qf7 12. Qxf7+ Kxf7 13. Bxc6 bxc6 14. Bf4 f5 15. Rfd1 Rb8 16. b3 Rb7 17. g3 c5 18. Be3 Rd8 19. Rac1 cxd4 20. Bxd4 Bxd4 21. Rxd4 c5 22. Ra4 d4 23. Rd1 Be6 24. Ng2 Rc7 25. Nf4 Rd6 26. Kf1 Kf6 27. Ke2 Bf7 28. a3 c4 29. bxc4 Rxc4 30. Rxc4 Bxc4+ 31. Ke1 Ke5 32. Rb1 Ra6 33. Rb4 Ba2 34. a4 Rb6 35. Rxb6 axb6 36. Kd2 Bf7 37. Ne2 Be8 38. h3 Bxa4 39. g4 f4 40. h4 f3 41. Ng3 Kf4 42. Nf5 Ke5 43. Ng3 Bd7 44. g5 Bg4 45. h5 Kf4 46. g6 h6 47. Ke1 e3 0-1

[Event "Rhein Main op-B 25th"]
[Site "Bad Homburg"]
[Date "2023.06.08"]
[Round "3"]
[White "Miyake Siqueira, Pedro Henrique"]
[Black "Kolker, Vladislav"]
[Result "1/2-1/2"]
[WhiteElo "1705"]
[BlackElo "1863"]
[PlyCount "22"]
[EventDate "2023.06.07"]
[EventType "swiss"]
[EventRounds "7"]
[EventCountry "GER"]
[SourceTitle "CBM 215 Extra"]
[Source "ChessBase"]
[SourceDate "2023.09.30"]
[SourceVersion "1"]
[SourceVersionDate "2023.09.30"]
[SourceQuality "1"]

1. e4 e5 2. Nf3 Nc6 3. Bc4 Nf6 4. d3 Be7 5. c3 d5 6. Bb5 dxe4 7. Nxe5 Qd5 8. Bxc6+ bxc6 9. d4 c5 10. Be3 cxd4 11. cxd4 0-0 1/2-1/2

[Event "Rhein Main op-B 25th"]
[Site "Bad Homburg"]
[Date "2023.06.07"]
[Round "1"]
[White "Stenger, Eberhard"]
[Black "Kolker, Vladislav"]
[Result "0-1"]
[WhiteElo "1475"]
[BlackElo "1863"]
[PlyCount "66"]
[EventDate "2023.06.07"]
[EventType "swiss"]
[EventRounds "7"]
[EventCountry "GER"]
[SourceTitle "CBM 215 Extra"]
[Source "ChessBase"]
[SourceDate "2023.09.30"]
[SourceVersion "1"]
[SourceVersionDate "2023.09.30"]
[SourceQuality "1"]

1. d4 Nf6 2. c4 g6 3. Nc3 Bg7 4. Nf3 0-0 5. e3 d6 6. Bd3 Nbd7 7. 0-0 c6 8. Re1 e5 9. b3 Re8 10. h3 e4 11. Bc2 exf3 12. Qxf3 Nf8 13. e4 Ne6 14. Be3 Qa5 15. Ne2 Qc7 16. g4 h5 17. Nf4 hxg4 18. hxg4 Ng5 19. Qg3 Bxg4 20. e5 dxe5 21. Nxg6 Nf3+ 22. Kg2 Nxe1+ 23. Rxe1 fxg6 24. Bxg6 Re7 25. Bg5 exd4 26. Bf4 Qd7 27. Be5 Bf5 28. Rh1 Bxg6 29. Bxf6 Bxf6 30. Rh6 Rg7 31. Kf1 Qf5 32. Qh2 Qd3+ 33. Ke1 Re8+ 0-1

[Event "Rhein Main op-B 24th"]
[Site "Bad Homburg"]
[Date "2022.06.18"]
[Round "5"]
[White "Schmid, Herbert"]
[Black "Kolker, Vladislav"]
[Result "0-1"]
[WhiteElo "1678"]
[BlackElo "1897"]
[PlyCount "82"]
[EventDate "2022.06.15"]
[EventType "swiss"]
[EventRounds "7"]
[EventCountry "GER"]
[SourceTitle "EXT 2023"]
[Source "ChessBase"]
[SourceDate "2022.10.05"]
[SourceVersion "1"]
[SourceVersionDate "2022.10.05"]
[SourceQuality "1"]

1. e4 e5 2. Nf3 Nc6 3. Bb5 f5 4. d3 fxe4 5. dxe4 Nf6 6. 0-0 Bc5 7. Qd3 d6 8. Nc3 0-0 9. Na4 Bb6 10. Nxb6 axb6 11. a4 Qe8 12. Re1 Bd7 13. Bg5 Qh5 14. Bh4 Kh8 15. c3 Ng4 16. Bg3 Rf6 17. h3 Nh6 18. Nh2 Raf8 19. Qe2 Qg6 20. Qd3 Nf7 21. Re3 Ng5 22. Qf1 Nxe4 23. Bd3 Nxg3 24. Rxg3 Qf7 25. f3 d5 26. Qe2 Rf4 27. Bb5 e4 28. fxe4 dxe4 29. Bc4 Qf5 30. Qe3 Ne5 31. Be2 Bc6 32. b3 Qf6 33. a5 Ra8 34. a6 bxa6 35. Rxa6 Rxa6 36. Bxa6 Qh4 37. Be2 Nf3+ 38. Bxf3 Qxg3 39. Qd4 Qg5 40. Bg4 h5 41. Be2 e3 0-1

[Event "Rhein Main op-B 24th"]
[Site "Bad Homburg"]
[Date "2022.06.17"]
[Round "4"]
[White "Kolker, Vladislav"]
[Black "Meyer, Marcel"]
[Result "1/2-1/2"]
[WhiteElo "1897"]
[BlackElo "1757"]
[PlyCount "37"]
[EventDate "2022.06.15"]
[EventType "swiss"]
[EventRounds "7"]
[EventCountry "GER"]
[SourceTitle "EXT 2023"]
[Source "ChessBase"]
[SourceDate "2022.10.05"]
[SourceVersion "1"]
[SourceVersionDate "2022.10.05"]
[SourceQuality "1"]

1. e4 c6 2. Nf3 d5 3. exd5 cxd5 4. Ne5 Nf6 5. d4 Nc6 6. c3 Bf5 7. f4 e6 8. Bd3 Bxd3 9. Qxd3 Be7 10. Nd2 0-0 11. 0-0 Rc8 12. Ndf3 a6 13. Bd2 Ne4 14. Be1 b5 15. a4 Nd6 16. axb5 axb5 17. Bd2 Nc4 18. b3 Nxd2 19. Nxd2 1/2-1/2

[Event "Rhein Main op-B 24th"]
[Site "Bad Homburg"]
[Date "2022.06.16"]
[Round "3"]
[White "Kolker, Vladislav"]
[Black "Graef, Jakob Vincent"]
[Result "1-0"]
[WhiteElo "1897"]
[BlackElo "1612"]
[PlyCount "107"]
[EventDate "2022.06.15"]
[EventType "swiss"]
[EventRounds "7"]
[EventCountry "GER"]
[SourceTitle "EXT 2023"]
[Source "ChessBase"]
[SourceDate "2022.10.05"]
[SourceVersion "1"]
[SourceVersionDate "2022.10.05"]
[SourceQuality "1"]

1. e4 c6 2. Nf3 d5 3. exd5 cxd5 4. Ne5 Nf6 5. d4 e6 6. Bd3 Nc6 7. c3 Be7 8. 0-0 h6 9. f4 Bd7 10. Nd2 Qb6 11. Qe2 Nxe5 12. fxe5 Nh7 13. Qh5 0-0-0 14. Qxf7 Bg5 15. Nb3 Bxc1 16. Rfxc1 Ng5 17. Qxg7 Rdg8 18. Qe7 Nh3+ 19. Kf1 Rf8+ 20. Ke1 Nf4 21. Bf1 Bb5 22. Kd2 Bxf1 23. Rxf1 Qb5 24. Qc5+ Qxc5 25. Nxc5 b6 26. g3 bxc5 27. Rxf4 Rxf4 28. gxf4 cxd4 29. cxd4 Rg8 30. Re1 Kd7 31. Re2 Rb8 32. Kd3 Rf8 33. Rf2 Rb8 34. b3 Rg8 35. b4 Rb8 36. Kc3 Rc8+ 37. Kb3 Rc4 38. Rd2 Ke7 39. b5 Kf7 40. Rc2 Rxd4 41. Rc7+ Ke8 42. Rxa7 Kd8 43. b6 Kc8 44. a4 Rxf4 45. a5 Rf3+ 46. Kb4 Rf2 47. a6 Rb2+ 48. Kc5 Rc2+ 49. Kd6 Kb8 50. Rb7+ Kc8 51. Rc7+ Rxc7 52. bxc7 d4 53. a7 Kb7 54. c8Q+ 1-0

[Event "Heusenstamm Sparkassen op-A 6th"]
[Site "Heusenstamm"]
[Date "2019.11.22"]
[Round "3"]
[White "Weise, Martin"]
[Black "Kolker, Vladislav"]
[Result "1/2-1/2"]
[WhiteElo "2118"]
[BlackElo "1911"]
[PlyCount "28"]
[EventDate "2019.11.21"]
[EventType "swiss"]
[EventRounds "7"]
[EventCountry "GER"]
[SourceTitle "CBM 194 Extra"]
[Source "ChessBase"]
[SourceDate "2020.03.31"]
[SourceVersion "1"]
[SourceVersionDate "2020.03.31"]
[SourceQuality "1"]

1. e4 e5 2. Nf3 Nc6 3. d4 exd4 4. Bc4 Nf6 5. e5 d5 6. Bb5 Ne4 7. Nxd4 Bd7 8. Bxc6 bxc6 9. 0-0 Bc5 10. f3 Ng5 11. Kh1 0-0 12. Nc3 Bb6 13. Nb3 Ne6 14. Na4 f6 1/2-1/2

[Event "Heusenstamm Sparkassen op-A 6th"]
[Site "Heusenstamm"]
[Date "2019.11.21"]
[Round "1"]
[White "Baltic, Fatih"]
[Black "Kolker, Vladislav"]
[Result "1-0"]
[WhiteElo "2238"]
[BlackElo "1911"]
[PlyCount "61"]
[EventDate "2019.11.21"]
[EventType "swiss"]
[EventRounds "7"]
[EventCountry "GER"]
[SourceTitle "CBM 194 Extra"]
[Source "ChessBase"]
[SourceDate "2020.03.31"]
[SourceVersion "1"]
[SourceVersionDate "2020.03.31"]
[SourceQuality "1"]

1. e4 e5 2. Nf3 Nc6 3. Bc4 Nf6 4. d3 Be7 5. 0-0 0-0 6. Re1 d6 7. a4 h6 8. c3 Nh7 9. Nbd2 Kh8 10. d4 Bg4 11. h3 Bh5 12. g4 Bg6 13. d5 Nb8 14. Kg2 Kg8 15. Nf1 h5 16. Nxe5 dxe5 17. gxh5 Bxe4+ 18. Rxe4 Bd6 19. h6 g6 20. Rg4 Nd7 21. Ng3 Ndf6 22. Rh4 g5 23. Rg4 Nxg4 24. hxg4 Re8 25. Qf3 Bf8 26. Bd3 Bxh6 27. Bxh7+ Kxh7 28. Qxf7+ Kh8 29. Nf5 Bf8 30. Qh5+ Kg8 31. Qg6+ 1-0

[Event "Wiesbaden op 31st"]
[Site "Wiesbaden"]
[Date "2019.08.24"]
[Round "5"]
[White "Kolker, Vladislav"]
[Black "Ohler, Julius"]
[Result "1/2-1/2"]
[WhiteElo "1977"]
[BlackElo "1798"]
[PlyCount "76"]
[EventDate "2019.08.22"]
[EventType "swiss"]
[EventRounds "7"]
[EventCountry "GER"]
[SourceTitle "EXT 2020"]
[Source "ChessBase"]
[SourceDate "2019.10.17"]
[SourceVersion "1"]
[SourceVersionDate "2019.10.17"]
[SourceQuality "1"]

1. e4 d5 2. exd5 Qxd5 3. Nc3 Qd8 4. d4 g6 5. Nf3 Bg7 6. h3 Nh6 7. g4 f5 8. g5 Nf7 9. Bf4 0-0 10. Bc4 Nc6 11. Nb5 e5 12. dxe5 Qe7 13. 0-0 a6 14. Nc3 Be6 15. Nd5 Bxd5 16. Bxd5 Rfe8 17. Re1 Kh8 18. Bxc6 bxc6 19. Qd4 c5 20. Qc4 Rab8 21. c3 Rxb2 22. Qxa6 Rb6 23. Qc4 Re6 24. Re2 Nxe5 25. Rae1 Qd6 26. Nxe5 Bxe5 27. Bxe5+ Rxe5 28. Rxe5 Rxe5 29. Rxe5 Qxe5 30. a4 f4 31. h4 f3 32. a5 Qe1+ 33. Qf1 Qxc3 34. a6 Qa5 35. Kh2 Qa4 36. Kg3 c4 37. a7 Qxa7 38. Qxc4 Kg7 1/2-1/2

[Event "Wiesbaden op 31st"]
[Site "Wiesbaden"]
[Date "2019.08.24"]
[Round "4"]
[White "Vakulenko, Aleksandr"]
[Black "Kolker, Vladislav"]
[Result "1-0"]
[WhiteElo "2144"]
[BlackElo "1977"]
[PlyCount "75"]
[EventDate "2019.08.22"]
[EventType "swiss"]
[EventRounds "7"]
[EventCountry "GER"]
[SourceTitle "EXT 2020"]
[Source "ChessBase"]
[SourceDate "2019.10.17"]
[SourceVersion "1"]
[SourceVersionDate "2019.10.17"]
[SourceQuality "1"]

1. d4 Nf6 2. c4 g6 3. Nc3 Bg7 4. e4 d6 5. f3 0-0 6. Be3 Nc6 7. Nge2 a6 8. Qd2 Rb8 9. Rc1 Bd7 10. Nd1 b5 11. c5 b4 12. Nf2 e6 13. g3 a5 14. Bg2 d5 15. Bh6 Qe7 16. Bxg7 Kxg7 17. 0-0 Rbd8 18. e5 Ng8 19. f4 f5 20. exf6+ Qxf6 21. Rcd1 Na7 22. Ng4 Qf5 23. Ne5 Bb5 24. g4 Qf6 25. Rf2 Nc6 26. Nxc6 Bxc6 27. Qe3 Ne7 28. g5 Qf7 29. Qe5+ Kg8 30. Qxc7 a4 31. Bh3 Rd7 32. Qe5 Nf5 33. Ng3 Re8 34. Re1 Rde7 35. Nf1 Bb5 36. Ne3 Rd8 37. Nxf5 gxf5 38. Bxf5 1-0

[Event "Rhein Main op-A 22nd"]
[Site "Bad Homburg"]
[Date "2019.06.20"]
[Round "2"]
[White "Kolker, Vladislav"]
[Black "Spitzl, Vinzent"]
[Result "0-1"]
[WhiteElo "2023"]
[BlackElo "2263"]
[PlyCount "56"]
[EventDate "2019.06.19"]
[EventType "swiss"]
[EventRounds "9"]
[EventCountry "GER"]
[SourceTitle "EXT 2020"]
[Source "ChessBase"]
[SourceDate "2019.10.17"]
[SourceVersion "1"]
[SourceVersionDate "2019.10.17"]
[SourceQuality "1"]

1. e4 c6 2. Nf3 d5 3. exd5 cxd5 4. Ne5 Nc6 5. d4 e6 6. c3 Nxe5 7. dxe5 Ne7 8. Bd3 Nc6 9. Qe2 Qc7 10. f4 Bc5 11. Nd2 Bd7 12. Nb3 Bb6 13. Be3 0-0 14. 0-0 f6 15. Bxb6 Qxb6+ 16. Kh1 Be8 17. exf6 Rxf6 18. Rae1 Bd7 19. Qe3 Qxe3 20. Rxe3 Raf8 21. g3 e5 22. Nc5 Bc8 23. Bc2 b6 24. Nd3 e4 25. Bb3 exd3 26. Bxd5+ Kh8 27. Rxd3 Ba6 28. c4 Nb4 0-1

[Event "Frankfurt-chA"]
[Site "Frankfurt"]
[Date "2019.04.30"]
[Round "1"]
[White "Jakesevic, Ivan"]
[Black "Kolker, Vladislav"]
[Result "0-1"]
[WhiteElo "1640"]
[BlackElo "1959"]
[PlyCount "48"]
[EventDate "2019.04.29"]
[EventType "swiss"]
[EventRounds "7"]
[EventCountry "GER"]
[SourceTitle "EXT 2020"]
[Source "ChessBase"]
[SourceDate "2019.10.17"]
[SourceVersion "1"]
[SourceVersionDate "2019.10.17"]
[SourceQuality "1"]

1. Nf3 Nf6 2. d4 g6 3. Bf4 Bg7 4. e3 0-0 5. Bd3 d6 6. 0-0 Nbd7 7. c3 Qe8 8. Nbd2 e5 9. Qc2 exf4 10. exf4 b6 11. Rfe1 Qd8 12. Re2 Bb7 13. Rae1 c5 14. f5 Qc7 15. Re7 Rae8 16. fxg6 Rxe7 17. Rxe7 Nd5 18. gxf7+ Kh8 19. Re8 N7f6 20. Rxf8+ Bxf8 21. Ng5 h6 22. Bh7 hxg5 23. Qg6 Bg7 24. Nc4 Nxh7 0-1

[Event "Hessen Cup Goldener Springer"]
[Site "Griesheim"]
[Date "2019.01.18"]
[Round "1"]
[White "Rondonuwu, Grover"]
[Black "Kolker, Vladislav"]
[Result "1/2-1/2"]
[WhiteElo "2086"]
[BlackElo "2010"]
[PlyCount "83"]
[EventDate "2019.01.18"]
[EventType "swiss"]
[EventRounds "6"]
[EventCountry "GER"]
[SourceTitle "EXT 2020"]
[Source "ChessBase"]
[SourceDate "2019.10.17"]
[SourceVersion "1"]
[SourceVersionDate "2019.10.17"]
[SourceQuality "1"]

1. d4 Nf6 2. Nf3 g6 3. Bf4 Bg7 4. e3 d6 5. h3 0-0 6. Be2 Nbd7 7. 0-0 b6 8. a4 Bb7 9. a5 a6 10. c4 Ne4 11. Nfd2 e5 12. Bh2 Nxd2 13. Qxd2 Qg5 14. d5 f5 15. Nc3 e4 16. Rab1 bxa5 17. Na4 Be5 18. Qxa5 Rac8 19. Qd2 Rf7 20. b4 Qe7 21. Rfd1 Rd8 22. Bxe5 Nxe5 23. Qd4 g5 24. Nc3 Bc8 25. c5 f4 26. Nxe4 f3 27. gxf3 Nxf3+ 28. Bxf3 Rxf3 29. Kg2 Rxh3 30. Rh1 Bf5 31. Nf6+ Kf7 32. Rxh3 Bxh3+ 33. Kxh3 Qxf6 34. Qe4 Qg6 35. Qxg6+ Kxg6 36. e4 Rb8 37. cxd6 cxd6 38. Kg3 h5 39. Kf3 g4+ 40. Ke3 Kg5 41. f4+ gxf3 42. Kxf3 1/2-1/2

[Event "Heusenstamm Sparkassen op-A 5th"]
[Site "Heusenstamm"]
[Date "2018.11.25"]
[Round "7"]
[White "Kolker, Vladislav"]
[Black "Hesse, Henrik"]
[Result "0-1"]
[WhiteElo "1999"]
[BlackElo "2272"]
[PlyCount "74"]
[EventDate "2018.11.22"]
[EventType "swiss"]
[EventRounds "7"]
[EventCountry "GER"]
[SourceTitle "CBM 188 Extra"]
[Source "ChessBase"]
[SourceDate "2019.02.26"]
[SourceVersion "1"]
[SourceVersionDate "2019.02.26"]
[SourceQuality "1"]

1. e4 g6 2. d4 Bg7 3. Nc3 d5 4. Nxd5 c6 5. Nc3 Qxd4 6. Qxd4 Bxd4 7. Nge2 Bg7 8. Be3 Nf6 9. f3 Nbd7 10. 0-0-0 e5 11. g4 0-0 12. Ng3 Nb6 13. g5 Nfd7 14. h4 Re8 15. h5 Nf8 16. hxg6 fxg6 17. a4 Be6 18. b3 Rad8 19. a5 Rxd1+ 20. Nxd1 Nbd7 21. Nb2 b5 22. axb6 axb6 23. Bc4 b5 24. Bxe6+ Nxe6 25. Ne2 Rf8 26. Rf1 Ndc5 27. Ng3 Rf7 28. Nd3 Nxd3+ 29. cxd3 Bf8 30. Ne2 Be7 31. d4 Bxg5 32. Bxg5 Nxg5 33. dxe5 Rxf3 34. Rxf3 Nxf3 35. Kc2 Nxe5 36. b4 Kf7 37. Kc3 Ke6 0-1

[Event "Hessenliga 1819"]
[Site "Hessen"]
[Date "2018.11.18"]
[Round "3.8"]
[White "Kolker, Vladislav"]
[Black "Voellinger, Florian"]
[Result "1/2-1/2"]
[WhiteElo "1993"]
[BlackElo "1873"]
[PlyCount "41"]
[EventDate "2018.09.23"]
[EventType "team-tourn"]
[EventRounds "9"]
[EventCountry "GER"]
[SourceTitle "EXT 2020"]
[Source "ChessBase"]
[SourceDate "2019.10.17"]
[SourceVersion "1"]
[SourceVersionDate "2019.10.17"]
[SourceQuality "1"]
[WhiteTeam "Bad Nauheim"]
[BlackTeam "Dettingen"]
[WhiteTeamCountry "GER"]
[BlackTeamCountry "GER"]

1. e4 d5 2. exd5 Qxd5 3. Nc3 Qd6 4. d4 Nf6 5. Nf3 a6 6. g3 b5 7. Bf4 Qb6 8. Bg2 Bb7 9. 0-0 e6 10. Re1 Be7 11. a4 Nd5 12. a5 Qa7 13. Nxd5 Bxd5 14. Qe2 0-0 15. c3 Qb7 16. Red1 Nd7 17. b4 Rfe8 18. Ne1 c6 19. Nd3 Bxg2 20. Kxg2 c5+ 21. Qf3 1/2-1/2

[Event "Wiesbaden op 30th"]
[Site "Wiesbaden"]
[Date "2018.08.24"]
[Round "3"]
[White "John, Volkmar"]
[Black "Kolker, Vladislav"]
[Result "0-1"]
[WhiteElo "1742"]
[BlackElo "1999"]
[PlyCount "74"]
[EventDate "2018.08.23"]
[EventType "swiss"]
[EventRounds "7"]
[EventCountry "GER"]
[SourceTitle "CBM 186 Extra"]
[Source "ChessBase"]
[SourceDate "2018.08.24"]
[SourceVersion "1"]
[SourceVersionDate "2018.08.24"]
[SourceQuality "1"]

1. e4 e5 2. Nf3 Nc6 3. d4 exd4 4. Nxd4 Bc5 5. Nb3 Bb6 6. a4 a6 7. Nc3 d6 8. Qe2 Nge7 9. Be3 Bxe3 10. Qxe3 0-0 11. 0-0-0 f5 12. Bc4+ Kh8 13. f3 Ne5 14. Bd3 f4 15. Qf2 Be6 16. Nd4 Bd7 17. h4 c5 18. Nf5 Nxf5 19. exf5 Nxd3+ 20. Rxd3 Bxf5 21. Rd2 b5 22. Rhd1 Qa5 23. Rxd6 b4 24. Nd5 Rad8 25. Rxd8 Rxd8 26. b3 c4 27. Ne7 Rxd1+ 28. Kxd1 Qd8+ 29. Qd2 Qxe7 30. Qxf4 Qd7+ 31. Kc1 cxb3 32. Qb8+ Qc8 33. Qxc8+ Bxc8 34. cxb3 Be6 35. Kc2 a5 36. Kd3 Bxb3 37. Kd4 Bxa4 0-1